000 00472nam a2200205Ia 4500
003 OSt
005 20220928141717.0
006 a|||||r|||| 00| 0
007 ta
008 220927b |||||||| |||| 00| 0 eng d
024 _a16960
037 _cTextual
040 _aSDCL
_cSDCL
_beng
041 _2eng
_aeng
082 _aV1:5'N6, K9
245 0 _aHorizons of freedom
260 _c1969
942 _hV1:5'N6, K9
_cTEXL
_2CC
999 _c819292
_d819292